000 00603nam a2200229 a 4500
001 80648
003 BD-RjUL
005 20221030103011.0
008 221030s1892 enk 000 0 eng d
035 _a(BD-RjUL)80648
040 _aHAI
_beng
_cBD-RjUL
041 0 _aeng
082 _223
_a823
_bOUA 1892
100 0 _aOuida,
_d1839-1908
_95546
245 1 0 _aAriadne :
_bthe story of a dream /
_cby Ouida
260 _aLondon :
_bChatto & Windus,
_c1892
300 _a360 p. ;
_c22 cm.
500 _aPhotocopy.
650 _aEnglish Short stories
_95547
650 _aEnglish fiction
942 _2ddc
_cBK
999 _c80648
_d80648